[Event "IECG QN.2002.0.00244"]
[Site "IECG email"]
[Date "2002.11.03"]
[Round "?"]
[White "Patton, Gary"]
[Black "Marson, Alan"]
[Result "1-0"]
[WhiteElo "729"]
[BlackElo "806"]
[PlyCount "21"]
[EventDate "2002.11.03"]
[EventType "tourn (corr)"]
[EventRounds "6"]
[SourceTitle "Corr 2008"]
[Source "ChessBase"]
[SourceDate "2008.06.24"]
[SourceVersion "1"]
[SourceVersionDate "2008.06.24"]
[SourceQuality "1"]

1. e4 e5 2. Nf3 Nc6 3. d4 exd4 4. Nxd4 Nf6 5. Nxc6 bxc6 6. Bd3 Bc5 7. 0-0 0-0 8. a3 Re8 9. Nc3 d5 10. Bg5 dxe4 11. Bc4 1-0

[Event "IECG QN.2002.0.00244"]
[Site "IECG email"]
[Date "2002.11.03"]
[Round "?"]
[White "Venturas, Bob"]
[Black "Marson, Alan"]
[Result "1-0"]
[WhiteElo "713"]
[BlackElo "806"]
[PlyCount "27"]
[EventDate "2002.11.03"]
[EventType "tourn (corr)"]
[EventRounds "6"]
[SourceTitle "Corr 2008"]
[Source "ChessBase"]
[SourceDate "2008.06.24"]
[SourceVersion "1"]
[SourceVersionDate "2008.06.24"]
[SourceQuality "1"]

1. e4 e5 2. Nf3 Nc6 3. Bb5 a6 4. Bc4 Nf6 5. d3 b5 6. Bd5 Nxd5 7. exd5 Nd4 8. Nxd4 exd4 9. Qe2+ Qe7 10. Qe4 Qxe4+ 11. dxe4 f5 12. f3 d6 13. Bg5 Bd7 14. Na3 1-0

[Event "IECG CP.2001.P.00085"]
[Site "IECG email"]
[Date "2001.10.01"]
[Round "?"]
[White "Meetze, Bill"]
[Black "Marson, Alan"]
[Result "1-0"]
[WhiteElo "1642"]
[BlackElo "793"]
[PlyCount "37"]
[EventDate "2001.10.01"]
[EventType "tourn (corr)"]
[EventRounds "6"]
[SourceTitle "Corr 2008"]
[Source "ChessBase"]
[SourceDate "2008.06.24"]
[SourceVersion "1"]
[SourceVersionDate "2008.06.24"]
[SourceQuality "1"]

1. e4 c6 2. d4 d5 3. Nc3 dxe4 4. Nxe4 Bf5 5. Ng3 Bg6 6. h4 h6 7. Nf3 Nf6 8. h5 Bh7 9. Bd3 Bxd3 10. Qxd3 e6 11. Bf4 Bd6 12. Be5 Bxe5 13. Nxe5 Nbd7 14. Qa3 Qb6 15. 0-0-0 Nxe5 16. dxe5 Nd7 17. Ne4 Kd8 18. Nc5 Ke8 19. Rxd7 1-0

[Event "IECG QN.2000.0.00149"]
[Site "IECG email"]
[Date "2000.11.18"]
[Round "?"]
[White "Morse, David W"]
[Black "Marson, Alan"]
[Result "1-0"]
[WhiteElo "800"]
[BlackElo "800"]
[PlyCount "23"]
[EventDate "2000.11.18"]
[EventType "tourn (corr)"]
[EventRounds "6"]
[SourceTitle "Corr 2008"]
[Source "ChessBase"]
[SourceDate "2008.06.24"]
[SourceVersion "1"]
[SourceVersionDate "2008.06.24"]
[SourceQuality "1"]

1. c4 e5 2. Nf3 e4 3. Nd4 Nc6 4. Nxc6 dxc6 5. d4 Nf6 6. e3 c5 7. Be2 Bd6 8. dxc5 Bxc5 9. Qxd8+ Kxd8 10. Bd2 Be6 11. Bc3 Ke7 12. b4 1-0

[Event "IECG QN.2000.0.00149"]
[Site "IECG email"]
[Date "2000.11.18"]
[Round "?"]
[White "Venturas, Bob"]
[Black "Marson, Alan"]
[Result "0-1"]
[WhiteElo "561"]
[BlackElo "800"]
[PlyCount "60"]
[EventDate "2000.11.18"]
[EventType "tourn (corr)"]
[EventRounds "6"]
[SourceTitle "Corr 2008"]
[Source "ChessBase"]
[SourceDate "2008.06.24"]
[SourceVersion "1"]
[SourceVersionDate "2008.06.24"]
[SourceQuality "1"]

1. e4 c5 2. d4 cxd4 3. Nf3 e5 4. Nxe5 Qe7 5. Qxd4 d6 6. Nc4 Nc6 7. Qd1 Nf6 8. Bd3 d5 9. Ne3 dxe4 10. Bc4 Bd7 11. Nc3 0-0-0 12. Bd2 g6 13. Qe2 Bg7 14. h3 Rhf8 15. 0-0-0 Be6 16. Bb5 Bd7 17. Qc4 Be6 18. Na4 Bxc4 19. Bxc4 Rd6 20. Bb5 a6 21. Bxc6 Rxc6 22. a3 Qc7 23. Nc3 Re8 24. Rhf1 Rd8 25. Rfe1 Nd5 26. Nexd5 Rxd5 27. Nxd5 Rxc2+ 28. Kb1 Rxb2+ 29. Ka1 Rxd2+ 30. Kb1 Qc2# 0-1